|
|
|
|
| LEADER |
00000ny a22000003n 4500 |
| 005 |
20110615120644.0 |
| 008 |
070508s2001 sp 000 spa d |
| 020 |
|
|
|a 9789689368618
|
| 035 |
|
|
|a 3287
|
| 040 |
|
|
|a BUS
|d vLex
|
| 090 |
|
|
|c 699
|d 699
|
| 100 |
1 |
|
|a Trindade, Antonio Augusto Canȧdo
|
| 245 |
1 |
3 |
|a El derecho internacional de los derechos humanos en el siglo XXI
|h [Recurso electrn̤ico]
|c Antn̥io A. Canȧdo Trindade ; prl̤ogo de Mx̀imo Pacheco Gm̤ez
|
| 256 |
|
|
|a Servicio en ln̕ea
|
| 260 |
|
|
|a Barcelona :
|b Jurd̕ica de las Americas,
|c 2009
|
| 300 |
|
|
|a 455 p. ;
|c 23 cm
|
| 506 |
1 |
|
|a Contenido solo disponible en los productos indicados
|d vLex Global
|d vLex Global (Academic Edition, excluding Law Schools)
|d vLex Global (U.S. Academic Edition, Law Schools)
|d vLex Global (U.S. Academic Edition, excluding Law Schools)
|d vLex Global (Academic Edition, Law Schools)
|
| 650 |
0 |
4 |
|a Derechos humanos (Derecho internacional)
|
| 700 |
1 |
|
|a Pacheco Gm̤ez, Mx̀imo,
|e prol.
|
| 740 |
0 |
|
|a vLex Libros (Servicios en ln̕ea)
|
| 856 |
4 |
0 |
|u http://vlex.com/source/3287
|z Acceso restringido
|
| 942 |
|
|
|c BOOK
|
| 999 |
0 |
|
|a International Law
|b Barcelona
|